000 01396cam a22003737a 4500
003 CHAP
005 20220329141831.0
008 971127d1997 mx a r 00110 spa d
010 _a74545
011 _a75517
035 _a85081
040 _cCHAP
090 _aTesis
100 0 0 _aVelasco Ancheyta, Marco Antonio.
_9118372
245 1 0 _aDiferenciación tecnológica de los productores de toronja en Martínez de la Torre Veracruz y el contexto internacional
_c/por Marco Antonio Velasco Ancheyta
260 _aChapingo, Méx. :
_bEl autor,
_c1997.
300 _a126 h. :
_bilus. ; gráfs. ; anexos
502 _aTesis (Lic. en Economía Agrícola) -- UACH. Departamento de Economía Agrícola
590 _aALEPH
_b10
_c20130110
_lUCH01
_h1420
590 _aBATCH-UPD
_b10
_c20130110
_lUCH01
_h0656
590 _aBATCH-UPD
_b10
_c20130110
_lUCH01
_h2328
590 _aBATCH-UPD
_b10
_c20130410
_lUCH01
_h0341
590 _aBATCH-UPD
_b10
_c20130914
_lUCH01
_h2049
590 _aCONVERSION
_b10
_c20130109
_lUCH01
_h1341
650 1 4 _aToronja
_xCostos de producción.
_9113976
650 1 4 _aToronja
_xMercadeo.
_9113980
650 1 4 _aToronja
_xRendimiento.
_9113984
650 1 4 _aToronja
_xVeracruz.
_9113986
901 _aBK
905 _aAlejandra Carrasco M.
942 _cFOLL
949 _bBC
_cTES
_d33724000638268
_eTS2
_fc.2
_h31619
_i85081
_si
949 _bBC
_cTES
_d850811
_eTS1
_h31618
_i85081
_sb
999 _c74545
_d74545